[Event "GER-chT U10"]
[Site "Magdeburg"]
[Date "2012.12.29"]
[Round "7.2"]
[White "Wastian, Mareike"]
[Black "Pirl, Niklas"]
[Result "0-1"]
[WhiteElo "1112"]
[BlackElo "1257"]
[PlyCount "78"]
[EventDate "2012.12.27"]
[EventType "team-swiss"]
[EventRounds "7"]
[EventCountry "GER"]
[SourceTitle "EXT 2014"]
[Source "ChessBase"]
[SourceDate "2013.11.20"]
[SourceVersion "1"]
[SourceVersionDate "2013.11.20"]
[SourceQuality "1"]
[WhiteTeam "Brackel"]
[BlackTeam "Leipzig BSG"]
[WhiteTeamCountry "GER"]
[BlackTeamCountry "GER"]

1. e4 d5 2. exd5 Nf6 3. d4 Nxd5 4. c4 Nf6 5. Nf3 c5 6. dxc5 Qxd1+ 7. Kxd1 Nc6 8. Be3 e5 9. Nc3 Bf5 10. Ke1 Nb4 11. Kd1 Rd8+ 12. Nd2 Ng4 13. Be2 Nxe3+ 14. fxe3 Nc2 15. Rc1 Nxe3+ 16. Ke1 Nxg2+ 17. Kd1 Bxc5 18. Bf3 Nf4 19. Bxb7 Nd3 20. Ra1 Nf2+ 21. Ke2 Nxh1 22. Bxh1 Bg4+ 23. Nf3 f5 24. Kf1 Bxf3 25. Bxf3 e4 26. Be2 0-0 27. a3 e3 28. b4 Bd4 29. Rc1 Bxc3 30. Rxc3 f4 31. Kg2 Rfe8 32. Rc2 Re7 33. c5 Red7 34. Kf3 Rd2 35. Rc3 g5 36. h3 h5 37. Bc4+ Kg7 38. Rc1 Re8 39. c6 Rf2# 0-1

[Event "GER-chT U10"]
[Site "Magdeburg"]
[Date "2012.12.28"]
[Round "3.2"]
[White "Pirl, Niklas"]
[Black "Schulze, Lukas"]
[Result "1-0"]
[WhiteElo "1257"]
[BlackElo "1038"]
[PlyCount "57"]
[EventDate "2012.12.27"]
[EventType "team-swiss"]
[EventRounds "7"]
[EventCountry "GER"]
[SourceTitle "EXT 2014"]
[Source "ChessBase"]
[SourceDate "2013.11.20"]
[SourceVersion "1"]
[SourceVersionDate "2013.11.20"]
[SourceQuality "1"]
[WhiteTeam "Leipzig BSG"]
[BlackTeam "Lehrte"]
[WhiteTeamCountry "GER"]
[BlackTeamCountry "GER"]

1. d4 Nf6 2. c4 e6 3. Nf3 b6 4. a3 Bb7 5. Bg5 h6 6. Bxf6 Qxf6 7. Nc3 Ba6 8. e4 Nc6 9. Be2 Na5 10. b4 Nxc4 11. b5 Bb7 12. Bxc4 Qg6 13. 0-0 Bxe4 14. Nxe4 Qxe4 15. Bb3 Bd6 16. d5 0-0 17. Re1 Qg6 18. dxe6 dxe6 19. Bc2 f5 20. Nd4 e5 21. Nxf5 Qf6 22. Re3 g6 23. Rg3 Kh7 24. Nxd6 Qxf2+ 25. Kh1 cxd6 26. Rxg6 Kh8 27. Rxh6+ Kg7 28. Qg4+ Kxh6 29. Qg6# 1-0

[Event "GER-chT U10"]
[Site "Magdeburg"]
[Date "2012.12.27"]
[Round "2.2"]
[White "Hoffmann, Simon"]
[Black "Pirl, Niklas"]
[Result "0-1"]
[WhiteElo "1076"]
[BlackElo "1257"]
[PlyCount "76"]
[EventDate "2012.12.27"]
[EventType "team-swiss"]
[EventRounds "7"]
[EventCountry "GER"]
[SourceTitle "EXT 2014"]
[Source "ChessBase"]
[SourceDate "2013.11.20"]
[SourceVersion "1"]
[SourceVersionDate "2013.11.20"]
[SourceQuality "1"]
[WhiteTeam "Magdeburg USC"]
[BlackTeam "Leipzig BSG"]
[WhiteTeamCountry "GER"]
[BlackTeamCountry "GER"]

1. e4 d5 2. exd5 Nf6 3. Nf3 Nxd5 4. Bc4 Nf6 5. h3 Nc6 6. d3 Bd7 7. Nc3 e5 8. Bg5 h6 9. Bh4 Bd6 10. Qe2 Qe7 11. Nd5 Qd8 12. 0-0-0 g5 13. Bg3 Nxd5 14. Bxd5 Qe7 15. Bxc6 Bxc6 16. Rhg1 0-0-0 17. Bxe5 f6 18. Rde1 fxe5 19. d4 e4 20. Nd2 Bf4 21. c3 Rhe8 22. f3 Bg3 23. Rd1 exf3 24. Qxe7 Rxe7 25. gxf3 Bf4 26. Kb1 Bxd2 27. Rxd2 Bxf3 28. Rf2 Rf7 29. Rgf1 Be4+ 30. Kc1 Rxf2 31. Rxf2 Rh8 32. Re2 Bf3 33. Re3 g4 34. hxg4 Bxg4 35. Rg3 h5 36. b3 Rf8 37. c4 Rf3 38. Rxf3 Bxf3 0-1

[Event "Sachsen-ch U10"]
[Site "Sebnitz"]
[Date "2012.04.12"]
[Round "4"]
[White "Buschmann, Julius"]
[Black "Pirl, Niklas"]
[Result "1/2-1/2"]
[WhiteElo "1033"]
[BlackElo "1219"]
[PlyCount "64"]
[EventDate "2012.04.10"]
[EventType "swiss"]
[EventRounds "7"]
[EventCountry "GER"]
[SourceTitle "CBM 148 Extra"]
[Source "ChessBase"]
[SourceDate "2012.06.22"]
[SourceVersion "1"]
[SourceVersionDate "2012.06.22"]
[SourceQuality "1"]

1. e4 e5 2. Nf3 Nc6 3. Bc4 Bc5 4. Nc3 h6 5. d3 d6 6. h3 Nf6 7. 0-0 0-0 8. Be3 Bb6 9. Qd2 Be6 10. Bb3 Nd4 11. Bxd4 exd4 12. Ne2 c5 13. c3 Ba5 14. Qc2 dxc3 15. bxc3 Rc8 16. Nd2 b5 17. Bxe6 fxe6 18. Nf4 Re8 19. Qb3 Qd7 20. Qa3 Bb6 21. Rab1 Kh7 22. Qb2 a6 23. a4 Ba5 24. axb5 axb5 25. Ra1 Ra8 26. Rfc1 e5 27. Ne2 d5 28. Ng3 d4 29. cxd4 exd4 30. Rxc5 Bxd2 31. Rxa8 Rxa8 32. Qxd2 Rb8 1/2-1/2